MDQL
is popping MORE tags! Check the
thread
!
Quizzes
Events
Quiz Creation
Community
Videos
Private Events
Remove Ads
Sign In
Join for FREE
Feedback
Dark Mode
Quiz Categories
Sports
Geography
Music
Movies
Television
Just For Fun
Miscellaneous
History
Literature
Language
Science
Gaming
Entertainment
Religion
Holiday
For Kids
Quiz Lab
Recent
Popular Today
Quiz Kudos Today
Editor Picks
Curator Picks
Quizzes by...
Day
Popularity
Type
Ratings
Length
Year
Community
Subscriptions
Recent Discussions
Orange Saloon
Badges
Playlists
Quests
Create
Leaderboards
Showdown
Live 5
Trivia Bingo
Activity
Puzzle Library
Sporcle Events
Private Events
Virtual Trivia
Globe League
Become a Host
Pub Owners
SporcleCon
Opinionation
Our Games
Videos
Blog
Mobile Apps
Partnerships
Remove Ads and Go Orange
Feedback
Music
Pop Music
The Beatles
Song
Album
Lyrics
Bands
Singers
Artist
Clip
Rock
Rap
Classical
Billboard
Country Music
Kpop
Taylor Swift
Music
Pop Music
The Beatles
Song
Album
Lyrics
Bands
Singers
Artist
Clip
Rock
Rap
Classical
Billboard
Country Music
Kpop
Taylor Swift
Random Quiz
Search Sporcle
×
Quiz Lab
Quiz Lab
Music
parole
Type in answers that appear in a list
Type in answers that appear in a list
Classic
Best Score? Go Orange.
Paroles 'Dernière danse' de Kyo Stats
Pouvez vous retrouver les paroles 'Dernière danse' de Kyo?
By
francois64
20m
280 Questions
485 Plays
485 Plays
485 Plays
Comments
Comments
Give Quiz Kudos
Give Quiz Kudos
-
- Ratings
hide this ad
Replay
Link that replays current quiz
Next Quiz
Link to next quiz in quiz playlist
You Got
0%
They Got
Avg Score
85%
Avg Friend Score
Upgrade to see
Score Distribution
Jump to the score distribution portion of the page
Score
0/280
Timer
20:00
0
Plays Today
Answer
% Correct
de
97.1%
de
97.1%
de
97.1%
de
97.1%
de
97.1%
de
97.1%
de
97.1%
de
97.1%
de
97.1%
de
97.1%
de
97.1%
je
96.9%
Je
96.9%
Je
96.9%
Je
96.9%
je
96.9%
Je
96.9%
je
96.9%
Je
96.9%
Je
96.9%
Je
96.9%
Je
96.9%
Je
96.9%
Je
96.9%
je
96.9%
le
96.1%
Le
96.1%
le
96.1%
Le
96.1%
le
96.1%
Et
95.7%
Et
95.7%
par
95.7%
et
95.7%
Dans
95.7%
dans
95.7%
Et
95.7%
et
95.7%
dans
95.7%
et
95.7%
Et
95.7%
Et
95.7%
par
95.7%
J'ai
95.4%
J'ai
95.4%
j'ai
95.4%
J'ai
95.4%
J'ai
95.4%
J'ai
95.4%
J'ai
95.4%
j'ai
95.4%
son
95%
son
95%
danse
95%
Un
95%
danse
95%
son
95%
un
95%
danse
95%
Un
95%
danse
95%
un
95%
Un
95%
danse
95%
son
95%
son
95%
la
94.6%
juste
94.6%
une
94.6%
dernière
94.6%
juste
94.6%
une
94.6%
dernière
94.6%
La
94.6%
une
94.6%
juste
94.6%
une
94.6%
dernière
94.6%
juste
94.6%
une
94.6%
dernière
94.6%
juste
94.6%
une
94.6%
dernière
94.6%
la
94.6%
veux
94.4%
veux
94.4%
veux
94.4%
veux
94.4%
veux
94.4%
corps
94%
corps
94%
se
93.6%
se
93.6%
Answer
% Correct
parcouru
93.4%
long
93.4%
parcouru
93.4%
visage
93.2%
visage
93.2%
en
92.8%
l'indifférence
92.8%
l'indifférence
92.8%
l'indifférence
92.8%
en
92.8%
cent
92.5%
fois
92.5%
cent
92.5%
fois
92.5%
longtemps
92.3%
ses
92.3%
ses
92.3%
ses
92.3%
ses
92.3%
longtemps
92.3%
ses
92.3%
ses
92.3%
puis
92.1%
puis
92.1%
puis
92.1%
silence
91.9%
silence
91.9%
silence
91.9%
Elle
91.3%
Avant
91.3%
l'ombre
91.3%
Avant
91.3%
l'ombre
91.3%
Avant
91.3%
l'ombre
91.3%
Elle
91.3%
fait
90.3%
ma
90.3%
ma
90.3%
fait
90.3%
ma
90.3%
ma
90.3%
fait
90.3%
que
90.1%
l'or
89.6%
l'or
89.6%
moi
89.4%
moi
89.4%
Effleuré
89.2%
les
89.2%
Effleuré
89.2%
les
89.2%
vertige
88.8%
vertige
88.8%
vertige
88.8%
larmes
88.4%
larmes
88.4%
partie
88.2%
partie
88.2%
essuyant
87.4%
essuyant
87.4%
même
87%
coeur
87%
encore
87%
même
87%
même
87%
même
87%
encore
87%
trouvé
86.7%
trouvé
86.7%
quelques
85.7%
quelques
85.7%
pureté
84.7%
pureté
84.7%
formes
84.5%
formes
84.5%
dessine
84.3%
pas
84.3%
dessine
84.3%
appris
84.1%
appris
84.1%
Parfois
83.9%
qui
83.9%
Qui
83.9%
Parfois
83.9%
étoiles
83.2%
trop
83.2%
c'est
83.2%
C'est
83.2%
trop
83.2%
C'est
83.2%
trop
83.2%
C'est
83.2%
trop
83.2%
Answer
% Correct
étoiles
83.2%
mais
82.2%
plus
82.2%
Mais
82.2%
bien
81.8%
il
81.8%
Il
81.8%
mal
81.6%
Au
81.6%
faute
81%
voyage
81%
pour
80.5%
pour
80.5%
douleur
79.7%
est
79.7%
on
79.7%
l'ai
79.5%
regard
79.5%
l'ai
79.5%
l'ai
79.5%
peau
79.3%
qu'elle
79.3%
qu'elle
79.3%
qu'elle
79.3%
flèche
79.1%
prépare
79.1%
tard
78.7%
seul
78.3%
vie
78.3%
seul
78.3%
vie
78.3%
peut
78.1%
traversé
77.8%
homme
77.6%
homme
77.6%
déjà
76.4%
garde
74.9%
apercevoir
74.9%
a
74.7%
tôt
74.3%
Merci
73.5%
d'avoir
73.5%
Merci
73.5%
d'avoir
73.5%
rien
72.7%
rien
72.7%
rien
72.7%
rien
72.7%
connais
72%
mon
71.4%
mon
71.4%
connue
71.2%
dire
71%
dire
71%
sans
70.8%
sans
70.8%
l'histoire
70%
mains
70%
mains
70%
vu
69.8%
enchanté
68.3%
enchanté
68.3%
partir
68.1%
partir
68.1%
respire
67.9%
respire
67.9%
ne
67.7%
ne
67.7%
seulement
66.3%
seulement
66.3%
âme
65.8%
âme
65.8%
bonheur
64.6%
bonheur
64.6%
fallait
63.8%
reçu
61.3%
reçu
61.3%
ça
60.9%
ça
60.9%
ancré
59.4%
ancré
59.4%
change
59.2%
change
59.2%
voulais
58%
vue
57.3%
peux
57.1%
peux
57.1%
demain
54.2%
demain
54.2%
mourir
53.4%
mourir
53.4%
cœur
49.1%
Quiz Playlist
Details
Report
Send in Message
Add To Playlist
Classic:
Type in answers that appear in a list
Last Updated: Sep 7, 2017
Quiz Scoreboard
CHALLENGE
Sign Up to Join the Scoreboard
Show All
Scores
Hide
Comments
May contain spoilers
Recently Published
Street Fighter Characters
by Artimus82
Gaming
60s
9x9 Crossword: Cartoon Network
by jackfrog10
Miscellaneous
3m
College Basketball Coaching Resumes
by pancakes188
Sports
9m
More to Explore
Quiz From the Vault
Featured Blog Post
Where Did the Easter Bunny Come From?
hide this ad
You Might Also Like...
Tags
les
parole
Today's Top Quizzes in Music
Browse Music
hide this ad
Top Contributed Quizzes in Music
1
Taylor Swift All Songs (2024)
2
Taylor Swift Logic Puzzle
3
Guess the Artist- 70s Songs
4
7-to-1: Billboard Hot 100 #1 Hits of 2010s
5
Sorting Albums and Songs
6
KPOP LOGIC QUIZ
7
Guess the Taylor Swift song (Mystery Song)
8
Guess The Taylor Swift Lyrics Song #1
9
Billboard Blitz: ABBA
10
Billboard Blitz: The Beatles
Explore More
Trending Topics
NBA
Crossword
Marvel
Harry Potter
Disney
Anime
Kpop
The Office
Country
NFL
Soccer
Song
Puzzle
Pokémon
WWE
hide this ad
More By:
francois64
Quiz
Plays
Rating
Category
Featured
Created
Paroles 'Manhattan-Kaboul'
633
5.00
Music
Sep 1, 2017
Paroles 'Quand la musique est bonne' de Goldman
523
5.00
Music
Sep 8, 2017
Paroles 'Dernière danse' de Kyo
485
4.50
Music
Sep 7, 2017
Paroles 'Les rois du monde' de Roméo & Juliette
480
4.67
Music
Sep 8, 2017
Paroles 'Cendrillon' de Telephone
465
2.50
Music
Sep 1, 2017
Go to Creator's Profile
Score Distribution
Quiz Creator Spotlight
francois64
Follow
Send a Message
Quizzes Created
-
Created Quiz Play Count
-
More By This Creator
Popular Quizzes Today
1
Find the US States - No Outlines Minefield
2
Find the Countries of Europe - No Outlines Minefield
3
The Countries of the World
4
Find the US States
5
Risky Map Clicking: Biggest States A-Z
6
US States
7
Popular People in 1961
8
Movies - When Are They Set?
More Music Quizzes
Taylor Swift: Holy Ground (Lyrics)
Quiz Lab
Trending Quizzes
Risky Map Clicking: Least Populous States A-Z
Countries of the World: 200 Million BC
1-10 Letter G Words
Risky Map Clicking: Next State Alphabetically
Adjectives in 80s TV Shows
Recently Updated
Leaping Animals
pecheneg
Reality TV Shows (A-Z)
bhenderson79
Rickey Henderson's Hall of Fame Teammates
pecheneg
Champions League XIs: Arsenal
pecheneg
Quick Pick: Celebrities in WWE's Hall of Fame
aduchscher
A-Z Keypad Blitz II
pecheneg
Multiple Oscar Actors
pecheneg
Mystery Phrase Blitz: Oscar 'Best Actors'
pecheneg
F. Scott Fitzgerald Novels
LTH
Pick 3 Villains
ddd62291
Trending Topics
Harry Potter
NBA
Kpop
Anime
Disney
Crossword
Marvel
WWE
The Office
NFL
Soccer
Puzzle
Pokémon
Country
Song
Your Account Isn't Verified!
In order to create a playlist on Sporcle, you need to verify the email address you used during registration. Go to your
Sporcle Settings
to finish the process.
Report this User
Report this user for behavior that violates our
Community Guidelines
.
Details:
Send Report
Go to the Sporcle.com Mobile Site →
Comments